Dinge die mit G anfangen (Kenshin Edition) - Statistiken

Allgemein
  • Dieses Quiz wurde 271 mal gespielt
  • Das Durchschnittsergebnis liegt bei 13 aus 16
Antwortstatistiken
Bildquiz Antwort % Korrekt
Gabel
99%
Gorilla
97%
Griechenland
97%
Gans
96%
Google
96%
Garn
92%
Georgien
84%
Ghana
83%
Göffel
81%
Gulasch
79%
Guatemala
76%
Godzilla
74%
Gyros
71%
Gelsenkirchen
67%
Großeltern
65%
Gibbon
48%
Keine übereinstimmenden Quizze gefunden
Verteilung der Resultate
Anzahl Personen mit jedem Resultat
Perzentil nach korrekt beantworteten Fragen
Ihre Resultats-Entwicklung
Sie haben dieses Quiz noch nicht gespielt